000 01522nam0a2200349 i 4500
001 RU\NLR\bibl\1974258
005 20240921162419.0
010 _a9785282032840
_91000
021 _aRU
_b2012-94558
_97001
035 _a(NLR Aleph) 001963056
090 _a3852007
_c3852007
100 _a20121203d2012 k y0rusy50 ca
101 0 _arus
102 _aRU
105 _aa |||||||||
200 1 _aДиверсификация в промышленных вертикально интегрированных компаниях
_fН.В. Якубанис, Е.В. Арсенова, Р.Н. Федосова [и др.]
210 _aМосква
_cЭкономика
_d2012
215 _a229 с.
_cил.
_d20
320 _aБиблиогр. в подстроч. прим.
606 1 _aПромышленные фирмы
_yРоссийская Федерация
_92412743
_3RU\NLR\auth\661437428
606 1 _aПроизводство
_xДиверсификация
_xУправление
_yРоссийская Федерация
_92519502
_3RU\NLR\auth\661493090
686 _aУ30(2)1(2Р)
686 _aУ21(2)24(2Р)
701 1 _aЯкубанис
_bН. В.
_gНаталья Вячеславовна
_4070
701 1 _aАрсенова
_bЕ. В.
_gЕлена Вячеславовна
_4070
701 1 _aФедосова
_bР. Н.
_gРаиса Николаевна
_4070
801 0 _aRU
_bNLR
_c20121203
_gRCR
801 1 _aRU
_bNLR
_c20121203
830 _aавт. по кн.
942 _cBOOK
980 _aNBR